Advanced study in the history of medieval India (v.3)/ (Record no. 167251)

000 -LEADER
fixed length control field 00321nam a22001457a 4500
082 ## - DEWEY DECIMAL CLASSIFICATION NUMBER
Classification number
Item number
100 ## - MAIN ENTRY--PERSONAL NAME
Personal name Mehta J L
245 ## - TITLE STATEMENT
Title Advanced study in the history of medieval India (v.3)/
Statement of responsibility, etc. by Mehta J L.
260 ## - PUBLICATION, DISTRIBUTION, ETC.
Place of publication, distribution, etc.
Name of publisher, distributor, etc. Sterling,
Date of publication, distribution, etc. 2011.
300 ## - PHYSICAL DESCRIPTION
Extent 324p.
600 ## - SUBJECT ADDED ENTRY--PERSONAL NAME
Personal name
650 ## - SUBJECT ADDED ENTRY--TOPICAL TERM
Topical term or geographic name entry element
700 ## - ADDED ENTRY--PERSONAL NAME
Personal name
942 ## - ADDED ENTRY ELEMENTS (KOHA)
Koha item type Book
Holdings
Withdrawn status Lost status Damaged status Not for loan Permanent Location Current Location Shelving location Date acquired Cost, normal purchase price Total Checkouts Barcode Date last seen Price effective from Koha item type
        RC Thiruvananthapuram RC Thiruvananthapuram   14.11.2018 200.00   TV002827 14.11.2018 14.11.2018 Book